<?xml version="1.0" encoding="UTF-8"?>
<record
    xmlns:xsi="http://www.w3.org/2001/XMLSchema-instance"
    xsi:schemaLocation="http://www.loc.gov/MARC21/slim http://www.loc.gov/standards/marcxml/schema/MARC21slim.xsd"
    xmlns="http://www.loc.gov/MARC21/slim">

  <leader>02776nam a2200229 i 4500</leader>
  <controlfield tag="001">991107444498606196</controlfield>
  <controlfield tag="005">20250827135410.0</controlfield>
  <controlfield tag="008">241112e202410  sp            000 f spa d</controlfield>
  <datafield tag="020" ind1=" " ind2=" ">
    <subfield code="a">9788439743484</subfield>
    <subfield code="q">(paperback)</subfield>
  </datafield>
  <datafield tag="035" ind1=" " ind2=" ">
    <subfield code="a">(OCoLC)1468057967</subfield>
  </datafield>
  <datafield tag="040" ind1=" " ind2=" ">
    <subfield code="a">SP-BaPL</subfield>
    <subfield code="b">eng</subfield>
    <subfield code="c">SP-BaPL</subfield>
    <subfield code="e">rda</subfield>
  </datafield>
  <datafield tag="041" ind1=" " ind2=" ">
    <subfield code="a">Spanish</subfield>
  </datafield>
  <datafield tag="050" ind1="1" ind2="4">
    <subfield code="a">PQ8498.433.I36</subfield>
    <subfield code="b">A92 2024</subfield>
  </datafield>
  <datafield tag="100" ind1=" " ind2=" ">
    <subfield code="a">Wiener, Gabriela,</subfield>
    <subfield code="d">1975-</subfield>
    <subfield code="e">author.</subfield>
  </datafield>
  <datafield tag="245" ind1="1" ind2="0">
    <subfield code="a">Atusparia </subfield>
    <subfield code="c">/ Gabriela Wiener.</subfield>
  </datafield>
  <datafield tag="250" ind1=" " ind2=" ">
    <subfield code="a">First edition</subfield>
  </datafield>
  <datafield tag="264" ind1=" " ind2="1">
    <subfield code="a">Barcelona :</subfield>
    <subfield code="b">Random House,</subfield>
    <subfield code="c">octubre de 2024.</subfield>
  </datafield>
  <datafield tag="300" ind1=" " ind2=" ">
    <subfield code="a">237 pages ;</subfield>
    <subfield code="c">23 cm</subfield>
  </datafield>
  <datafield tag="520" ind1=" " ind2=" ">
    <subfield code="a">Una pol&#xED;tica de izquierda, v&#xED;ctima del lawfare, cumple condena en una prisi&#xF3;n de m&#xE1;xima seguridad en lo m&#xE1;s profundo de la selva amaz&#xF3;nica. Se hace llamar Atusparia, como el l&#xED;der ind&#xED;gena que encabez&#xF3; la resistencia en el Per&#xFA; del siglo XIX y como el delirante colegio comunista donde estudi&#xF3; en los &#xFA;ltimos estertores de la Guerra Fr&#xED;a.

El amor en tiempos del capitalismo la arrastra a una espiral de drogas y desenfreno sexual que la aparta de los ideales de su juventud, hasta que el llamado de sus ra&#xED;ces la conduce a un viaje inici&#xE1;tico a orillas del lago Titicaca, donde se mimetiza con el h&#xE9;roe revolucionario de su infancia.

No existen precedentes claros para esta nueva novela de Gabriela Wiener. Atusparia es radical y exquisita; sat&#xED;rica, autoficcional y ligeramente futurista. A medio camino entre el realismo social y la fantas&#xED;a po&#xE9;tica, Wiener da un salto magistral en su literatura y nos entrega su &#xAB;gran novela rusa&#xBB; postindigenista: un relato en el que las jerarqu&#xED;as y las luchas de poder terminan por desgarrar a los propios movimientos emancipadores.</subfield>
  </datafield>
  <datafield tag="520" ind1=" " ind2=" ">
    <subfield code="a">A left-wing politician, victim of lawfare, serves her sentence in a maximum-security prison deep in the Amazon jungle. She calls herself Atusparia, after the nineteenth-century Peruvian indigenous leader who spearheaded the resistance, and after the delirious communist school where she studied in the dying days of the Cold War.

Love in the age of capitalism drags her into a spiral of drugs and frenetic sexuality that pulls her away from the ideals of her youth, until the call of her roots leads her on an initiatory journey to the shores of Lake Titicaca, where she merges with the revolutionary hero of her childhood.

There are no clear precedents for this new novel by Gabriela Wiener. Atusparia is radical and exquisite; satirical, autofictional, and slightly futuristic. Straddling social realism and poetic fantasy, Wiener makes a masterful leap in her writing and offers us her post-indigenist &#x201C;great Russian novel&#x201D;: a story in which hierarchies and struggles for power ultimately tear apart the very movements of emancipation.</subfield>
  </datafield>
  <datafield tag="942" ind1=" " ind2=" ">
    <subfield code="2">lcc</subfield>
  </datafield>
  <datafield tag="952" ind1=" " ind2=" ">
    <subfield code="0">0</subfield>
    <subfield code="1">0</subfield>
    <subfield code="2">lcc</subfield>
    <subfield code="4">0</subfield>
    <subfield code="7">0</subfield>
    <subfield code="a">TBS</subfield>
    <subfield code="b">TBS</subfield>
    <subfield code="d">2025-08-27</subfield>
    <subfield code="l">0</subfield>
    <subfield code="o">P-SP WIE</subfield>
    <subfield code="p">B06033</subfield>
    <subfield code="r">2025-08-27</subfield>
    <subfield code="t">1</subfield>
    <subfield code="w">2025-08-27</subfield>
    <subfield code="y">1</subfield>
  </datafield>
  <datafield tag="999" ind1=" " ind2=" ">
    <subfield code="c">4882</subfield>
    <subfield code="d">4882</subfield>
  </datafield>
</record>
